000 00933nam a2200289 a 4500
003 DO-SdBNP
005 20250128130120.0
007 ta
008 220119e2019 dr ||||er|||| 001 jdspa d
020 _a9789945614961
040 _aDO-SdBNP
_bspa
_cBNPHU
_erda
041 _hspa
082 4 _axxx
_bC386n
_222
245 1 0 _aCazadoras de la noche:
_brelatos breves /
_cCompilado por Lus María Abreu Lantigua
264 _aSanto Domingo :
_bSantuario,
_c2019
300 _a88 páginas ;
_c23 cm.
336 _ardaconten
_btexto
_2txt
337 _ardamedia
_bsin mediación
_2n
338 _ardacarrier
_bvolumen
_2nc
500 _aIncluye datos biográficos de la autor en la solapa de la cubierta.
590 _aInventariado 2022 / MF
650 4 _939293
_aLitertura Dominicana
_xFicción
650 0 _98943
_aRelatos
700 1 _aAbreu Lantigua, Lus María
_d1954-
_ecompilador
_980976
910 _aMFéliz
942 _2ddc
_cLBS1
999 _c51198
_d51198